| 000 | 00542nam a2200157 i 4500 | ||
|---|---|---|---|
| 001 | 179640 | ||
| 003 | ES-MaACL | ||
| 005 | 20230906220839.0 | ||
| 008 | 111228s1884 sp |||| | spa d | ||
| 110 | 1 |
_aEspaña. _bMinisterio de la Guerra. _93906 |
|
| 245 | 1 | 0 |
_aReglamento de hospitales militares _b: aprobado por Real Orden de 18 de agosto de 1884. |
| 260 |
_aMadrid : _b[s.n.], _c1884 ( _fImp. y lit. del Depósito de la Guerra) |
||
| 300 |
_a76 p. ; _c22 cm. |
||
| 650 | 4 |
_aHospitales militares. _9136244 |
|
| 852 |
_aES-MaACL _jT-561-F-11 |
||
| 999 |
_c179640 _d179640 |
||